000 00587nam a22002057a 4500
003 OSt
005 20150424151855.0
008 150424b xxu||||| |||| 00| 0 eng d
020 _a0723610207
040 _cDLC
082 _aWU 230 H259 1997
245 _aHarty's Endodontics in clinical practice /
_cEdited by T R Pitt Ford
250 _a4th ed.
260 _aOxford:
_bWright;
_c1997.
300 _avii, 284 p :
_bill;
_c27 cm.
504 _aIncludes bibliographical references and index
650 _aEndodontics
_94045
700 _4Editor
_aFord T R Pitt
_94107
942 _2z
_cSLOAN
999 _c1559
_d1559